<?xml version="1.0" encoding="UTF-8"?>
<record
    xmlns:xsi="http://www.w3.org/2001/XMLSchema-instance"
    xsi:schemaLocation="http://www.loc.gov/MARC21/slim http://www.loc.gov/standards/marcxml/schema/MARC21slim.xsd"
    xmlns="http://www.loc.gov/MARC21/slim">

  <leader>00837nam a2200169 a 4500</leader>
  <controlfield tag="001">000033928</controlfield>
  <controlfield tag="005">20200930070631.0</controlfield>
  <controlfield tag="008">110914s1989    es            000 0 spa d</controlfield>
  <datafield tag="020" ind1=" " ind2=" ">
    <subfield code="a">8400069293</subfield>
  </datafield>
  <datafield tag="111" ind1="2" ind2=" ">
    <subfield code="a">Coloquio Hispano-Franc&#xE9;s de Historia Contempor&#xE1;nea</subfield>
    <subfield code="n">(2 : 16-18 de junio</subfield>
    <subfield code="d">1986 :</subfield>
    <subfield code="c">Aix-en-Provence)</subfield>
    <subfield code="9">59372</subfield>
  </datafield>
  <datafield tag="245" ind1="1" ind2="0">
    <subfield code="a">Espa&#xF1;a, Francia y la comunidad europea :</subfield>
    <subfield code="b">actas del Segundo Coloquio Hispano-Franc&#xE9;s de Historia Contempor&#xE1;nea /</subfield>
    <subfield code="c">edici&#xF3;n a cargo de Jean-Pierre Etienvre, Jos&#xE9; Ram&#xF3;n Urquijo Goitia.</subfield>
  </datafield>
  <datafield tag="260" ind1=" " ind2=" ">
    <subfield code="a">Madrid :</subfield>
    <subfield code="b">Casa de Vel&#xE1;zquez :</subfield>
    <subfield code="b">Consejo Superior de Investigaciones Cient&#xED;ficas, Departamento de Historia Contempor&#xE1;nea,</subfield>
    <subfield code="c">1989.</subfield>
  </datafield>
  <datafield tag="300" ind1=" " ind2=" ">
    <subfield code="a">286 p. :</subfield>
    <subfield code="b">il. ;</subfield>
    <subfield code="c">24 cm.</subfield>
  </datafield>
  <datafield tag="700" ind1="1" ind2=" ">
    <subfield code="a">Etienvre, Jean-Pierre</subfield>
    <subfield code="e">ed.</subfield>
    <subfield code="9">59373</subfield>
  </datafield>
  <datafield tag="700" ind1="1" ind2=" ">
    <subfield code="a">Urquijo y Goitia, Jos&#xE9; Ram&#xF3;n de.</subfield>
    <subfield code="e">ed.</subfield>
    <subfield code="9">59374</subfield>
  </datafield>
  <datafield tag="952" ind1=" " ind2=" ">
    <subfield code="0">0</subfield>
    <subfield code="1">0</subfield>
    <subfield code="5">0</subfield>
    <subfield code="7">1</subfield>
    <subfield code="8">MO</subfield>
    <subfield code="a">GR</subfield>
    <subfield code="b">GR</subfield>
    <subfield code="c">CT</subfield>
    <subfield code="d">2011-09-14</subfield>
    <subfield code="i">LF1</subfield>
    <subfield code="l">0</subfield>
    <subfield code="o"> </subfield>
    <subfield code="p">33928-10</subfield>
    <subfield code="r">2020-06-25</subfield>
    <subfield code="w">2020-06-25</subfield>
    <subfield code="y">1</subfield>
    <subfield code="Z">No se presta</subfield>
  </datafield>
  <datafield tag="999" ind1=" " ind2=" ">
    <subfield code="c">33419</subfield>
    <subfield code="d">33419</subfield>
  </datafield>
  <datafield tag="040" ind1=" " ind2=" ">
    <subfield code="a">DO-SdBNP</subfield>
  </datafield>
</record>
